000 00383 a2200157 4500
001 164205
020 _a
040 _cMagnum
100 _a-
240 1 0 _aConte outra vez: a roupa nova do rei/os cisnes selvagens
_lpor
245 1 0 _aConte outra vez: a roupa nova do rei/os cisnes selvagens
362 0 _a1899
440 1 _aGlobo
697 _aIJ/FADAS, FANTASIA
942 _cBK
999 _c164205
_d164205